LEADER 00907nam a2200241 i 4500 001 000000048294 003 CaOOAMICUS 005 20120419000000.0 008 120419s1972 it u000 u ita u 013 $a19464 040 $aSeMil$bita 100 1 $aRudoni, Antonio.$0(OLS)http://semarc/name/21672 245 10$aEscatologia /$cAntonio Rudoni S.D.B. 260 $aTorino :$bMarietti,$ccopyr. 1972. 300 $a261 p. ;$c20 cm. 490 0 $aTeologia attualizzata [Marietti] ;$v15 500 $aContiene : Bibliografia. 650 4$aEscatologia - Studi.$0(OLS)http://semarc/subject/5572 830 0$aTeologia attualizzata ;$v15.$0(OLS)http://semarc/title/6552 850 $aSeMil 852 $aSeMil$W1$xVenegono$y1$m2D III 149$j14449$B14449$CSeMilBibl$Z2$F14449 $81 996 $6245$aEscatologia$9(OLS)http://semarc/title/30084 996 $6260$aTorino :$bMarietti$9(OLS)http://semarc/publisher/29916 LEADER 00978nam a2200241 i 4500 001 000000080657 003 CaOOAMICUS 005 20170508000000.0 008 170508s1977 it u000 u ita u 013 $a52895 040 $aSeMil$bita 100 1 $aCuminetti, Mario <1934-1995>.$0(OLS)http://semarc/name/19348 245 14$aUna difficile unità. La crisi attuale nella chiesa /$cM. Cuminetti ... [et al.]. 260 $aAssisi :$bCittadella,$cstampa 1977. 300 $a121 p. ;$c19 cm. 490 0 $aOpinioni e proposte 650 4$aEcumenismo.$0(OLS)http://semarc/subject/3071 830 0$aOpinioni e proposte.$0(OLS)http://semarc/title/6490 850 $aSeMil 852 $aSeMil$W1$xVenegono$y1$m2D II 470$j46079$B46079$CSeMilBibl$Z2$F48254 $81 961 $aRecupero: Seminario di Seveso 996 $6245$aUna difficile unità. La crisi attuale nella chiesa$9(OLS)http://semarc/title/404066 996 $6260$aAssisi :$bCittadella$9(OLS)http://semarc/publisher/29661